[Event "IND-ch Rapid 32nd"]
[Site "Pune"]
[Date "2023.03.11"]
[Round "4"]
[White "Sethuraman, SP."]
[Black "Hardik, Jha"]
[Result "1-0"]
[WhiteElo "2639"]
[BlackElo "1729"]
[PlyCount "55"]
[EventDate "2023.03.11"]
[EventType "swiss (rapid)"]
[EventRounds "9"]
[EventCountry "IND"]
[SourceTitle "CBM 213 Extra"]
[Source "ChessBase"]
[SourceDate "2023.05.31"]
[SourceVersion "1"]
[SourceVersionDate "2023.05.31"]
[SourceQuality "1"]

1. e4 d5 2. exd5 Qxd5 3. Nc3 Qa5 4. d4 c6 5. Nf3 Nf6 6. Ne5 Bf5 7. Bc4 e6 8. g4 Bg6 9. Bd2 Qc7 10. Qe2 Nbd7 11. f4 Nxe5 12. dxe5 Nd7 13. Rf1 Nb6 14. Bb3 Qd7 15. 0-0-0 h5 16. f5 Bh7 17. fxe6 fxe6 18. gxh5 Be7 19. Qg4 Nd5 20. Nxd5 cxd5 21. h6 gxh6 22. Qh5+ Kd8 23. Rf7 Kc7 24. Bb4 Rae8 25. Bd6+ Kd8 26. Qxh6 Be4 27. Bxe7+ Kc8 28. Qf6 1-0